Name all the FIFA 20 TOTY Nominees - Statistics

General Stats
  • This quiz has been taken 167 times
  • The average score is 29 of 55
Answer Stats
Rating POS Player % Correct
94 ST Cristiano Ronaldo
100%
95 RW Lionel Messi
100%
93 LW Neymar Jr
99%
92 CAM Kevin De Bruyne
97%
91 CB Virgil Van Dijk
93%
92 GK Jan Oblak
89%
91 RW Mo Salah
89%
90 ST Kylian Mbappe
87%
89 LW Sadio Mane
86%
90 CB Sergio Ramos
86%
91 CM Luka Modric
80%
90 GK Alisson
79%
90 CDM N'Golo Kante
78%
92 LW Eden Hazard
75%
90 ST Robert Lewandowski
75%
84 RB Trent Alexander-Arnold
74%
86 LB Andrew Robertson
73%
91 GK Marc-Andre Ter Stegen
72%
90 ST Harry Kane
69%
90 ST Sergio Aguero
64%
87 CF Roberto Firmino
63%
89 GK Ederson
61%
86 CM Frenkie De Jong
61%
86 CB Matthias De Ligt
61%
88 CB Thiago Silva
59%
89 CAM David Silva
57%
88 RW Bernardo Silva
56%
89 RW Raheem Sterling
54%
88 CF Karim Benzema
49%
88 LB Jordi Alba
44%
87 RB Joshua Kimmich
42%
88 CF Heung Min Son
40%
88 CB Aymeric Laporte
39%
86 CDM Fabinho
39%
89 CAM Paulo Dybala
39%
89 CAM Marco Reus
38%
83 GK Andre Onana
37%
84 CDM Jordan Henderson
37%
90 CB Kalidou Koulibaly
35%
88 CB Mats Hummels
34%
89 ST Pierre Emerick Aubameyang
33%
85 CAM Dusan Tadic
31%
83 LB Nicolas Tagliafico
31%
85 RM Jadon Sancho
29%
87 CB Leonardo Bonucci
29%
85 CM Georginio Wijnaldum
27%
86 CAM Hakim Ziyech
27%
87 CB Marquinhos
27%
86 LB Alex Sandro
25%
89 CAM Christian Eriksen
22%
88 CB Jan Vertonghen
17%
87 CM Marco Verratti
13%
87 CB Milan Skriniar
10%
85 CAM Kai Havertz
9%
86 CB Jose Gimenez
7%
No matching quizzes found
Score Distribution
Percent of People with Each Score
Percentile by Number Answered
Your Score History
You have not taken this quiz